| 000 | 01042nac a22002531u 4500 | ||
|---|---|---|---|
| 010 | _a 2005934852 | ||
| 020 | _a0324319967 (hardcover) | ||
| 020 | _a0324422830 | ||
| 082 | 0 | 0 |
_a658.8 _bH6751 |
| 090 |
_c2466 _d2466 |
||
| 100 | _aHoffman, K. Douglas. | ||
| 245 | 1 | 0 |
_aServices marketing : _bconcepts, strategies & cases / _cK. Douglas Hoffman, John E.G. Bateson. |
| 250 | _a3rd ed. | ||
| 260 |
_aMason, OH : _bThomson /South-Western,2006 _c2006. |
||
| 300 |
_axix, 588 p. : _bill. ; _c24 cm. |
||
| 500 | _aRev. ed of: Essentials of services marketing. 2nd ed. c2002. | ||
| 504 | _aIncludes bibliographical references and index. | ||
| 650 | 0 |
_aService industries _xMarketing. |
|
| 700 | 1 | _aBateson, John E. G. | |
| 700 | 1 | _aHoffman, K. Douglas.. | |
| 856 | 4 | 1 |
_3Table of contents _uhttp://www.loc.gov/catdir/toc/fy0607/2005934852.html |
| 942 |
_cBB _k658.8H6751 |
||
| 999 |
_c2466 _d2466 |
||